000 00505nam a2200181Ia 4500
008 090123s9999 xx 000 0 und d
082 _b7627
_a891.463/साळोखे
100 _aसाळोखे विलास
245 _aनाती
250 _a1
260 _b
_कार प्रकाशन
300 _a179
600 _aसाळोखे विलास
630 _aनाती
700 _aसाळोखे विलास
730 _aनाती
942 _cBOOK
999 _c45693
_d45693